Ambiente humano e ideologia : (Registro nro. 12388)

Detalles MARC
000 -LEADER
longitud fija campo de control 02278Cam#a22005295a#4500
003 - IDENTIFICADOR DE NUMERO DE CONTROL
control del campo AR-RoUNA
008 - CAMPO DE CONTROL - LIBROS
longitud fija campo de control 140529||||||||||||||||| |||| 0|||| d
020 ## - INTERNATIONAL STANDARD BOOK NUMBER
ISBN 950-602-112-0
040 ## - ORIGEN DE LA CATALOGACION
Agencia que cataloga la obra original AR-RoUNA
Idioma en que se cataloga spa
041 ## - CODIGO DE IDIOMA
Codigo de idioma del texto / sonido o titulo separado spa
044 ## - CODIGO DE PAIS / ENTIDAD PRODUCTORA
Codigo MARC del pais ag
080 ## - CDU
Numero de clasificacion 316.75
092 ## - SIGNATURA TOPOGRAFICA
Libristica M244
100 ## - ASIENTO PRINCIPAL - NOMBRE PERSONAL
Nombre personal Maldonado, Tomas
Fechas asociadas con el nombre 1922-
9 (RLIN) 15294
245 ## - TITULO PROPIAMENTE DICHO
Titulo Ambiente humano e ideologia :
Subtitulo notas para una ecología crítica /
Mencion de responsabilidad, etc Tomás Maldonado
250 ## - MENCION DE EDICION
Edicion declarada 2a. ed.
260 ## - EDITORIAL - PUBLICACION, DISTRIBUCION, ETC. (Pie de imprenta)
Lugar de publicacion, distribucion, etc Buenos Aires :
Nombre del editor, distribuidor, etc Nueva Vision,
Fecha de publicacion 1985
300 ## - DESCRIPCION FISICA
Extension 167 p. :
Dimensiones 18x12 cm
500 ## - NOTA GENERAL
Nota general Indice de nombres citados p. 161-166
505 0# - NOTA DE CONTENIDO CON FORMATO
Título INDICE
505 0# - NOTA DE CONTENIDO CON FORMATO
Título Prefacio a la edición española. p. 11
505 0# - NOTA DE CONTENIDO CON FORMATO
Título 1. Ambiente, naturaleza, alienación. p. 13
505 0# - NOTA DE CONTENIDO CON FORMATO
Título 2. Ambiente humano y dialéctica de lo concreto. p. 19
505 0# - NOTA DE CONTENIDO CON FORMATO
Título 3. Racionalidad y represión. p. 27
505 0# - NOTA DE CONTENIDO CON FORMATO
Título 4. Nuevos utopistas. p. 36
505 0# - NOTA DE CONTENIDO CON FORMATO
Título 5. Proyectación y política. p.43
505 0# - NOTA DE CONTENIDO CON FORMATO
Título 6. Congestión explosiva. p. 47
505 0# - NOTA DE CONTENIDO CON FORMATO
Título 7. Desechos residuos, escorias. p. 51
505 0# - NOTA DE CONTENIDO CON FORMATO
Título 8. Desesperada esperanza. p. 55
505 0# - NOTA DE CONTENIDO CON FORMATO
Título 9. Realidad del mesocosmos. p. 60
505 0# - NOTA DE CONTENIDO CON FORMATO
Título 10. laberinto de la complejidad. p. 63
505 0# - NOTA DE CONTENIDO CON FORMATO
Título 11. Desurbanización y desocialización. p. 67
505 0# - NOTA DE CONTENIDO CON FORMATO
Título 12. La idea de sistema. p. 71
505 0# - NOTA DE CONTENIDO CON FORMATO
Título 13. Revolución y estrategia de la innovación. p. 75
505 0# - NOTA DE CONTENIDO CON FORMATO
Título 14. Acción espontánea y poder. p. 79
505 0# - NOTA DE CONTENIDO CON FORMATO
Título 15. Las vegas y el abuso semiológico. p. 83
505 0# - NOTA DE CONTENIDO CON FORMATO
Título 16. Hacia una praxealogia de la proyección. p 91
520 3# - NOTA DE RESUMEN
Nota de resumen, etc. EN este ensayo Tomas Maldonado formula una incisiva denuncia contra la degradación de nuestro ambiente físico, es decir, contra el tremendo abuso que sufren hoy los tres componentes fundamentales de nuestro sistema biótico: el agua, el aire y el suelo. Pero el problema no e abordado de manera aislada; la originalidad del enfoque de Maldonado consiste, sobre todo, en el rico y estimulante contexto en que desarrolla su discurso crítico.
653 ## - MATERIA - PALABRAS CLAVES
Palabras claves Ecologia
653 ## - MATERIA - PALABRAS CLAVES
Palabras claves Medio Ambiente
653 ## - MATERIA - PALABRAS CLAVES
Palabras claves Residuos
653 ## - MATERIA - PALABRAS CLAVES
Palabras claves Ambiente humano
908 ## - SOPORTE
Soporte Imp
942 ## - FUENTE DE CLASIFICACION
Clasificacion Universal Decimal Classification
Tipo de item Libro
945 ## - INFORMACION DE PROCESAMIENTO
Fecha de ingreso o modificacion 2026-04-16
980 ## - DECLARACIÓN DE EQUIVALENCIA O SERIE DE REFERENCIA CRUZADA - NOMBRE / TÍTULO PERSONAL [LOCAL, CANADÁ]
Código del operador 5
Nombre del operador María Machado
Código del operador que modifico el registro 5
Nombre del operador que modifico el registro María Machado
Existencias
Estado retiro Estado perdido Sistema de clasificacion Estado general Biblioteca de origen Ubicacion actual Fecha de adquisicion Prestamos totales Proveedor Numero de ejemplar Tipo de elemento KOHA Nota no publica
Disponible Disponible udc No dañado Biblioteca CURDIUR Biblioteca CURDIUR 16/04/2026   LCUR-0366 ej. 1 Libro